[Event "Feffernitz op 26th"]
[Site "Feffernitz"]
[Date "2017.08.27"]
[Round "9"]
[White "Richter, Nils"]
[Black "Eder, Robert"]
[Result "1/2-1/2"]
[WhiteElo "1904"]
[BlackElo "1847"]
[PlyCount "35"]
[EventDate "2017.08.20"]
[EventType "swiss"]
[EventRounds "9"]
[EventCountry "AUT"]
[SourceTitle "CBM 180 Extra"]
[Source "ChessBase"]
[SourceDate "2017.10.06"]
[SourceVersion "1"]
[SourceVersionDate "2017.10.06"]
[SourceQuality "1"]

1. e4 c5 2. Nf3 d6 3. d4 cxd4 4. Nxd4 Nf6 5. Nc3 g6 6. Be3 Bg7 7. Be2 0-0 8. 0-0 Nbd7 9. f4 a6 10. Bf3 Rb8 11. Kh1 Qc7 12. a4 b6 13. e5 dxe5 14. Nc6 exf4 15. Nxb8 Qxb8 16. Bf2 Bb7 17. Bxb7 Qxb7 18. Qf3 1/2-1/2

[Event "Feffernitz op 26th"]
[Site "Feffernitz"]
[Date "2017.08.23"]
[Round "5"]
[White "Keck, Ingolf"]
[Black "Eder, Robert"]
[Result "1/2-1/2"]
[WhiteElo "2064"]
[BlackElo "1847"]
[PlyCount "46"]
[EventDate "2017.08.20"]
[EventType "swiss"]
[EventRounds "9"]
[EventCountry "AUT"]
[SourceTitle "CBM 180 Extra"]
[Source "ChessBase"]
[SourceDate "2017.10.06"]
[SourceVersion "1"]
[SourceVersionDate "2017.10.06"]
[SourceQuality "1"]

1. d4 Nf6 2. Bf4 e6 3. e3 c5 4. c3 Nc6 5. Nd2 Be7 6. Bd3 cxd4 7. exd4 b6 8. h3 Bb7 9. Ngf3 d6 10. Qe2 h6 11. Nc4 a6 12. 0-0 0-0 13. Rfe1 Qc7 14. Rac1 b5 15. Ncd2 Na5 16. c4 bxc4 17. Nxc4 Nxc4 18. Rxc4 Qa5 19. b4 Qh5 20. Nd2 Qxe2 21. Bxe2 Nd5 22. Bg3 Rac8 23. Rec1 Nxb4 1/2-1/2

[Event "Feffernitz op 25th"]
[Site "Feffernitz"]
[Date "2016.08.27"]
[Round "8"]
[White "Lampersberger, Erhard"]
[Black "Eder, Robert"]
[Result "1-0"]
[WhiteElo "2134"]
[BlackElo "1838"]
[PlyCount "47"]
[EventDate "2016.08.21"]
[EventType "swiss"]
[EventRounds "9"]
[EventCountry "AUT"]
[SourceTitle "CBM 174 Extra"]
[Source "ChessBase"]
[SourceDate "2016.10.10"]
[SourceVersion "1"]
[SourceVersionDate "2016.10.10"]
[SourceQuality "1"]

1. c4 c5 2. g3 Nc6 3. Bg2 g6 4. Nc3 Bg7 5. Nf3 b6 6. 0-0 Bb7 7. a3 Nf6 8. Rb1 e6 9. b4 d6 10. e3 Qc7 11. d4 cxb4 12. axb4 a5 13. Nb5 Qd7 14. c5 Ne4 15. Nd2 dxc5 16. Nxe4 cxb4 17. Ned6+ Ke7 18. Qf3 Nd8 19. Nxb7 Qxb5 20. Nd6 Kxd6 21. Qxa8 Nc6 22. Qb7 Nd8 23. Qb8+ Kd7 24. Bb2 1-0

[Event "Feffernitz op 25th"]
[Site "Feffernitz"]
[Date "2016.08.23"]
[Round "4"]
[White "Eder, Robert"]
[Black "Strobel, Matthias"]
[Result "0-1"]
[WhiteElo "1838"]
[BlackElo "2094"]
[PlyCount "64"]
[EventDate "2016.08.21"]
[EventType "swiss"]
[EventRounds "9"]
[EventCountry "AUT"]
[SourceTitle "CBM 174 Extra"]
[Source "ChessBase"]
[SourceDate "2016.10.10"]
[SourceVersion "1"]
[SourceVersionDate "2016.10.10"]
[SourceQuality "1"]

1. e4 c6 2. d4 d5 3. Nc3 dxe4 4. Nxe4 Nf6 5. Nxf6+ exf6 6. c3 Bd6 7. Bd3 0-0 8. Ne2 Re8 9. Qc2 h6 10. 0-0 c5 11. Be3 Qc7 12. Qd2 c4 13. Bc2 Nd7 14. Ng3 Nf8 15. Rae1 Bd7 16. Nh5 Bg4 17. Ng3 a6 18. h3 Bd7 19. Nh5 Nh7 20. Bxh7+ Kxh7 21. Bf4 Bxf4 22. Nxf4 Bf5 23. g4 Bd7 24. b3 cxb3 25. axb3 Qa5 26. Ng2 Qd5 27. Rxe8 Rxe8 28. c4 Qf3 29. Qc2+ Kg8 30. Kh2 Re2 31. Qd1 h5 32. Ne1 Rxf2+ 0-1

[Event "AUT-chT2M 1516"]
[Site "Austria"]
[Date "2015.10.04"]
[Round "3.5"]
[White "Eder, Robert"]
[Black "Eder, Matthias"]
[Result "1/2-1/2"]
[WhiteElo "1865"]
[BlackElo "2134"]
[PlyCount "92"]
[EventDate "2015.10.02"]
[EventType "team-tourn"]
[EventRounds "11"]
[EventCountry "AUT"]
[SourceTitle "CBM 168 Extra"]
[Source "ChessBase"]
[SourceDate "2015.10.29"]
[SourceVersion "1"]
[SourceVersionDate "2015.10.29"]
[SourceQuality "1"]
[WhiteTeam "Villach Admira"]
[BlackTeam "Graz Schachfreunde"]
[WhiteTeamCountry "AUT"]
[BlackTeamCountry "AUT"]

1. e4 c5 2. Nf3 e6 3. d4 cxd4 4. Nxd4 Nc6 5. Be3 Qc7 6. Nc3 a6 7. Be2 Nf6 8. 0-0 Bb4 9. Nxc6 bxc6 10. Na4 Be7 11. Bd3 c5 12. c4 0-0 13. Nc3 Bb7 14. Bg5 d6 15. f4 Qd8 16. Rf3 Nd7 17. Rg3 Bxg5 18. Rxg5 Ne5 19. Bc2 f6 20. Rg3 Nc6 21. Qg4 Qe7 22. Rd1 Nd4 23. Bd3 e5 24. f5 Ra7 25. Rh3 Bc6 26. Qh4 h6 27. Be2 Qb7 28. Qg4 Qxb2 29. Rdd3 Qc1+ 30. Bf1 Qf4 31. Qxf4 exf4 32. Rh4 Re8 33. Rxf4 Rae7 34. Re3 Rb8 35. Rf2 Reb7 36. Ne2 Nc2 37. Rd3 Rd8 38. Ng3 Nd4 39. Be2 Re8 40. Bf3 Rb4 41. Rc3 Kf8 42. Rd2 Re5 43. Kf2 Re7 44. Ne2 Nxe2 45. Rxe2 Reb7 46. Rd2 Rb2 1/2-1/2

[Event "Feffernitz op 24th"]
[Site "Feffernitz"]
[Date "2015.08.21"]
[Round "7"]
[White "Eder, Robert"]
[Black "Kainz, Josef"]
[Result "1-0"]
[WhiteElo "1876"]
[BlackElo "1989"]
[PlyCount "121"]
[EventDate "2015.08.16"]
[EventType "swiss"]
[EventRounds "9"]
[EventCountry "AUT"]
[SourceTitle "EXT 2016"]
[Source "ChessBase"]
[SourceDate "2015.10.08"]
[SourceVersion "1"]
[SourceVersionDate "2015.10.08"]
[SourceQuality "1"]

1. e4 c5 2. Nf3 Nc6 3. d4 cxd4 4. Nxd4 e5 5. Nb5 d6 6. N1c3 a6 7. Na3 b5 8. Nd5 Nge7 9. c4 Nd4 10. Be3 Nxd5 11. cxd5 Be7 12. Bd3 0-0 13. 0-0 g6 14. Qd2 f5 15. Bxd4 exd4 16. Nc2 f4 17. f3 g5 18. Nb4 Bf6 19. Nc6 Qb6 20. Qc2 Rf7 21. a4 bxa4 22. Rxa4 Bb7 23. Rfa1 Rc8 24. Rb4 Qxb4 25. Nxb4 Rxc2 26. Nxc2 Bd8 27. Bxa6 Bb6 28. Bd3 Rc7 29. Kf1 h5 30. h3 Kg7 31. Ra4 Kf6 32. Ke2 Ke5 33. Kd2 g4 34. hxg4 hxg4 35. Na3 gxf3 36. gxf3 Bxd5 37. exd5 Kxd5 38. Nc4 Ba7 39. b4 Rg7 40. Ra5+ Ke6 41. Bf5+ Kf6 42. Nxd6 Rg2+ 43. Kd3 Bb8 44. Nc4 Bc7 45. Rc5 Bb8 46. Be4 Rg1 47. Rc6+ Ke7 48. Rc8 Bd6 49. Nxd6 Kxd6 50. Kxd4 Rd1+ 51. Kc3 Rc1+ 52. Bc2 Rf1 53. Rd8+ Kc7 54. Rd3 Kb6 55. Kc4 Rf2 56. Bb3 Rf1 57. b5 Ka5 58. Rc3 Rh1 59. Kc5 Rh8 60. b6 Rh1 61. Bd5 1-0

[Event "Feffernitz Raika op 23rd"]
[Site "Feffernitz"]
[Date "2014.08.21"]
[Round "7"]
[White "Eder, Robert"]
[Black "Smole, Albert"]
[Result "0-1"]
[WhiteElo "1864"]
[BlackElo "2088"]
[PlyCount "64"]
[EventDate "2014.08.16"]
[EventType "swiss"]
[EventRounds "9"]
[EventCountry "AUT"]
[SourceTitle "CBM 161 Extra"]
[Source "ChessBase"]
[SourceDate "2014.08.29"]
[SourceVersion "1"]
[SourceVersionDate "2014.08.29"]
[SourceQuality "1"]

1. e4 e5 2. f4 exf4 3. Nf3 Be7 4. Bc4 Nf6 5. Nc3 d6 6. d4 Nxe4 7. Nxe4 d5 8. Bb3 dxe4 9. Ne5 0-0 10. Bxf4 Nd7 11. 0-0 Nf6 12. c4 c6 13. Bg5 Be6 14. Rf4 Qb6 15. Bxf6 gxf6 16. c5 Qc7 17. Bxe6 fxe6 18. Rg4+ Kh8 19. Ng6+ hxg6 20. Rxg6 Rf7 21. Qg4 Rh7 22. h3 f5 23. Qe2 Rg8 24. Rxg8+ Kxg8 25. Rf1 Qg3 26. Kh1 Bd8 27. Qc4 Qg6 28. b4 Bc7 29. a4 Re7 30. Qb3 Qg3 31. Qxg3+ Bxg3 32. b5 Rd7 0-1